10 największych trójczłonowych miast Polski - Statystyki

Ogólne statystyki
  • Ten quiz został rozwiązany 40 razy
    21 od ostatniego zresetowania
  • Średni wynik to 6 z 10
Statystyki odpowiedzi
Województwo Liczba Mieszkańców Miasto % Poprawnych
Mazowieckie 28 533 Nowy Dwór Mazowiecki
95%
Warmińsko-Mazurskie 10 175 Nowe Miasto Lubawskie
89%
Kujawsko-Pomorskie 17 062 Nakło nad Notecią
84%
Pomorskie 9 499 Nowy Dwór Gdański
74%
Lubuskie 17 626 Kostrzyn nad Odrą
68%
Podkarpackie 6 431 Rudnik nad Sanem
58%
Kujawsko-Pomorskie 1984 Dobrzyń nad Wisłą
37%
Mazowieckie 986 Czerwińsk nad Wisłą
32%
Mazowieckie 3523 Nowe Miasto nad Pilicą
32%
Wielkopolskie 1901 Grabów nad Prosną
21%
Nie znaleziono quizów pasujących do podanych kryteriów
Rozkład punktacji
Procent ludzi z każdym wynikiem
Percentyl według liczby udzielonych odpowiedzi
Twoja historia wyników
Nie rozwiązałeś tego quizu od ostatniego zresetowania